000 00435nam a2200181Ia 4500
001 24493
005 20260414151047.0
008 260414t2023||||xx |||||||||||||| ||spa||
041 _aESP
082 _a345.71
_bC31
100 _aCarrión Lugo, Jorge,
_eAUT
245 0 _aTeoría general del proceso civil
_b
260 _c2023
300 _a558 páginas :
_c25 cm.
650 _aDER
654 _aCDE
942 _cLIB
_dJUS
_fJUS
_2ddc
_n
999 _c24493
_d24493